Villes d'Occitanie - Carte Quiz - Statistiques

Statistiques générales
  • Ce quiz a été pris 15 678 fois
  • Le résultat moyen est 10 sur 18
Réponses sur la Carte
Les réponses sont colorées sur une échelle allant du rouge au vert en fonction du pourcentage des utilisateurs qui les ont devinées à leur premier essai. Vous pouvez retrouver ces pourcentages ci-dessous.
 
Statistiques - réponses
Réponse % Correct
Perpignan
83%
Montpellier
80%
Toulouse
79%
Nîmes
73%
Carcassonne
68%
Narbonne
66%
Béziers
59%
Tarbes
56%
Foix
55%
Millau
55%
Rodez
52%
Albi
50%
Mende
50%
Montauban
49%
Auch
46%
Cahors
44%
Castres
43%
Figeac
41%
Aucun quiz correspondant
Distribution des résultats
% des personnes avec chaque résultat
Percentile par nombre de réponses
Votre historique - résultats
Vous n’avez pas pris ce quiz